| 000 | 00000nam##2200000za#4500 |
| 001 | 9.561430 |
| 003 | CaOODSP |
| 005 | 20210624173843 |
| 007 | cr ||||||||||| |
| 008 | 150406|2006||||xxc|||||o f|0| 0 eng|d |
| 020 | |a0-662-44599-6 |
| 040 | |aCaOODSP|beng |
| 043 | |an-cn--- |
| 086 | 1 |aFs22-4/52-2006E-PDF |
| 110 | 1 |aCanada. |bDepartment of Fisheries and Oceans. |
| 245 | 14|aThe Mapleleaf (Great Lakes-St. Lawrence population) : |h[electronic resource]|ba species at risk in Ontario |
| 260 | |bFisheries and Oceans Canada |cc2006. |
| 300 | |a2p.|bcoloured illus., coloured map |
| 490 | 1 |aAquatic species at risk |
| 590 | |a11-08-Supp|b2011-06-16 |
| 775 | 08|tLa feuille d'érable (population des Grands Lacs - fleuve Saint-Laurent) : |w(CaOODSP)9.594029 |
| 830 | #0|aAquatic species at risk.|w(CaOODSP)9.504828 |
| 856 | 40|ahttp://publications.gc.ca|qPDF|s329 KB|uhttps://publications.gc.ca/collections/collection_2011/mpo-dfo/Fs22-4-52-2006-eng.pdf |
| 986 | |aDFO/2006-1118 |